000 00558nam a22001817a 4500
003 OSt
005 20260317113029.0
008 260317b |||||||| |||| 00| 0 eng d
010 _a2003067650
020 _a0060514965
040 _cHarperCollins
050 _aPS 3569 .C725 2004
_b.C725 2004
245 _aKILLER SMILE/
_cSCOTTOLINE, LISA
250 _a1ST EDITION
260 _aNEWYORK:
_bHARPERCOLLINS PUBLISHERS,
_c2004
300 _a416 pages
_bhardcover, includes bibliographic references and index,
_cill. : col. ; 17.2 cm
942 _2lcc
_cBK
_e1st ed.
_n0
999 _c9991
_d9991